000
00203 a2200097 4500
001
57857
100
_a
245
_a
Sahafati akhlaaqiat
260
_a
Lahore
_b
Azim Academy
_c
2005
090
_c
35477
_d
35477
942
_a
NUST-CAE
_c
_c
28310
999
_c
292930
_d
292930